000
00447nam a2200181Ia 4500
008
100920s9999 xx 000 0 und d
082
_b
77269
_a
24 0
100
_a
भट अविनाश.
245
_a
ट्रिपल.
260
_b
---
_c
0
300
_a
280
_b
साधी
365
_b
225
520
_a
सायो.
630
_a
ट्रिपल.
650
_a
सायो.
730
_a
ट्रिपल.
942
_c
BOOK
999
_c
718566
_d
718563